00668cam a2200193 4500001000500000005001700005008003900022010001700061020002500078082001800103100002100121245010700142250001200249260003500261300004600296504005100342650002700393650005400420824220181127185441.0111013s2012 njua b 001 0 eng a 2011041449 a9781119979678 (pbk.)00a658.15/112231 aCollier, Paul M.10aAccounting for managers :binterpreting accounting information for decision-making /cPaul M. Collier. a4th ed. aHoboken, N.J. :bWiley,c2012. axix, 558 p. :bill. (some col.) ;c24 cm. aIncludes bibliographical references and index. 0aManagerial accounting. 7aBUSINESS & ECONOMICS / Accounting / Managerial.2